[Event "Challenge_01"]
[Site "http://www.queenalice.com/game.php?id=697877"]
[Date "2009.12.14"]
[Round "-"]
[White "The_Match"]
[Black "Muller"]
[Result "0-1"]
[WhiteElo "1301"]
[BlackElo "1418"]

1. d4 d5 2. Nc3 Nf6 3. f3 Nc6 4. e3 e5 5. Nge2 Bb4 6. Ng3 O-O 7. Qd2 exd4 8.
exd4 Re8+ 9. Nge2 Bf5 10. g4 Bg6 11. a3 Bd6 12. g5 Nh5 13. h4 Bf4 14. Qd3 Bxd3
15. cxd3 Nxd4 16. Kd1 Qd6 17. Nxd4 c6 18. Nce2 g6 19. Nxf4 Nxf4 20. Be3 a6 21.
h5 Rxe3 22. hxg6 fxg6 23. Kd2 Qe5 24. Nb3 Rxf3 25. Re1 Qxb2+ 26. Kd1 Qxb3+ 27.
Kd2 Qb2+ 28. Kd1 Rf2 29. Re2 Nxe2 30. Ke1 Ng3 31. Rg1 Qd2# 0-1

[Event "Challenge"]
[Site "http://www.queenalice.com/game.php?id=703347"]
[Date "2009.12.25"]
[Round "-"]
[White "Muller"]
[Black "miguelnalexandre"]
[Result "1-0"]
[WhiteElo "1464"]
[BlackElo "1456"]

1. e4 e5 2. Nf3 f5 3. d3 d6 4. Nc3 Nf6 5. Bg5 Be7 6. Nd5 Be6 7. c4 h6 8. Qa4+ c6
9. Qb4 a5 10. Qxb7 Nbd7 11. Nc7+ Kf8 12. Nxa8 hxg5 13. Nxg5 Nc5 14. Qa7 fxe4 15.
Nc7 Qc8 16. O-O-O Bg4 17. f3 exf3 18. gxf3 Bf5 19. d4 exd4 20. h4 d3 21. Bh3
Bxh3 22. Rxh3 Nh5 23. Re1 Bxg5+ 24. hxg5 1-0

[Event "Challenge"]
[Site "http://www.queenalice.com/game.php?id=704368"]
[Date "2009.12.27"]
[Round "-"]
[White "marcelomkp"]
[Black "Muller"]
[Result "0-1"]
[WhiteElo "1130"]
[BlackElo "1429"]

1. e4 e5 2. Nf3 Nc6 3. a3 Nf6 4. Nc3 d5 5. Bb5 Bd7 6. Qe2 d4 7. Nd5 Bc5 8. Bxc6
bxc6 9. Nxf6+ Qxf6 10. h3 O-O 11. Qa6 Bc8 12. Qa5 Bd6 13. d3 h6 14. Qa4 Bd7 15.
O-O Qg6 16. Re1 Bxh3 17. g3 Qg4 18. Nh2 Qh5 19. Qxc6 f5 20. Bd2 f4 21. Qd5+ Rf7
22. Bxf4 Re8 23. Qb7 exf4 24. Qxa7 fxg3 25. fxg3 Bxg3 26. Re2 Qg5 27. Qxd4 Bf2+
0-1

[Event "Let's Play Chess!"]
[Site "http://www.queenalice.com/game.php?id=723698"]
[Date "2010.2.1"]
[Round "-"]
[White "Muller"]
[Black "Panzer85"]
[Result "1/2-1/2"]
[WhiteElo "1433"]
[BlackElo "1658"]

1. e4 e5 2. Nf3 Nc6 3. Bc4 Bc5 4. O-O Nge7 5. c3 h6 6. d4 exd4 7. cxd4 Bb6 8.
Qd2 O-O 9. d5 Ba5 10. Qc2 Nb4 11. Qe2 Ng6 12. a3 Na6 13. b4 Bb6 14. h4 Nxh4 15.
g3 Ng6 16. Nc3 d6 17. e5 Bg4 18. Qe4 Qd7 19. Bd3 Rfe8 20. e6 Bxf3 21. Qxf3 fxe6
22. Bxg6 Rf8 23. Qe4 Rf6 24. dxe6 Rxe6 25. Bh7+ Kh8 26. Qf5 c6 27. Ne4 Bd4 28.
Ra2 Nc7 29. Rd2 1/2-1/2

[Event "The Hilton"]
[Site "http://www.queenalice.com/game.php?id=723909"]
[Date "2010.2.1"]
[Round "-"]
[White "Muller"]
[Black "fernandobozons"]
[Result "1-0"]
[WhiteElo "1444"]
[BlackElo "1537"]

1. e4 e5 2. Nc3 Nf6 3. Bc4 Nc6 4. d3 Bc5 5. Be3 Bxe3 6. fxe3 O-O 7. Nh3 d6 8.
Nf2 a6 9. d4 exd4 10. exd4 Re8 11. Qd3 Nb4 12. Bxf7+ Kxf7 13. Qc4+ Be6 14. Qxb4
Kg8 15. O-O Rb8 16. e5 dxe5 17. d5 Bxd5 18. Rad1 c6 19. Ng4 Nxg4 20. Qxg4 Qb6+
21. Rf2 Rf8 22. Qg3 Qxb2 23. Nxd5 cxd5 24. Rxd5 1-0

[Event "game"]
[Site "http://www.queenalice.com/game.php?id=732798"]
[Date "2010.2.16"]
[Round "-"]
[White "wormrose"]
[Black "Muller"]
[Result "1-0"]
[WhiteElo "1635"]
[BlackElo "1472"]

1. Nf3 c5 2. c4 d5 3. e3 Nf6 4. d4 cxd4 5. exd4 e6 6. Nc3 Bb4 7. cxd5 exd5 8.
Ne5 O-O 9. Bd3 Nc6 10. Be3 Be6 11. Nxc6 Qc7 12. Nxb4 Ng4 13. Nbxd5 Bxd5 14. Qxg4
Be6 15. Qh5 g6 16. Qh6 Rfd8 17. d5 Bxd5 18. Bd4 f6 19. Bxf6 Re8+ 20. Kd2 1-0

[Event "Let's Play Chess!"]
[Site "http://www.queenalice.com/game.php?id=732833"]
[Date "2010.2.16"]
[Round "-"]
[White "Xmen"]
[Black "Muller"]
[Result "1-0"]
[WhiteElo "1535"]
[BlackElo "1454"]

1. e4 c5 2. c3 d6 3. d4 Nd7 4. f4 Ngf6 5. e5 dxe5 6. dxe5 Ne4 7. Bd3 Nef6 8.
exf6 Nxf6 9. Bb5+ Bd7 10. Bxd7+ Nxd7 11. Be3 e5 12. Nf3 Qf6 13. fxe5 Nxe5 14.
O-O Rd8 15. Qc2 Bd6 16. Nxe5 Qxe5 17. Bf4 Qd4+ 18. cxd4 O-O 19. Bxd6 Rxd6 20.
Qxc5 Rfd8 21. Nc3 Rxd4 22. Qc7 R8d7 23. Rae1 g6 24. Re8+ Kg7 25. Qe5+ f6 26.
Qxf6+ Kh6 27. Re4 Rd3 28. Rh4# 1-0

[Event "Let's Play Chess!"]
[Site "http://www.queenalice.com/game.php?id=734219"]
[Date "2010.2.19"]
[Round "-"]
[White "elche"]
[Black "Muller"]
[Result "1-0"]
[WhiteElo "1727"]
[BlackElo "1441"]

1. e4 c5 2. Nc3 Nf6 3. g3 d5 4. exd5 Nxd5 5. Bg2 e6 6. Nge2 Be7 7. O-O O-O 8. d3
Nc6 9. Nxd5 exd5 10. c3 Re8 11. Nf4 d4 12. cxd4 Nxd4 13. Be3 Bf6 14. Rb1 Rb8 15.
Bxd4 Bxd4 16. Ne2 Bg4 17. Qa4 Qf6 18. Nxd4 cxd4 19. h3 Be2 20. Rfe1 Re5 21. Qxd4
Rd8 22. Qxa7 Bxd3 23. Rxe5 Qxe5 24. Rd1 g6 25. Qxb7 Qe2 26. Rf1 Qe5 27. Rd1 Qe2
28. Bf3 Qe6 29. Qc7 Rd7 30. Qc8+ Kg7 31. Qc3+ f6 32. Rxd3 Re7 33. Re3 Qd7 34.
Rxe7+ Qxe7 35. Qe3 Qc7 36. Qc3 Qd6 37. Qc6 Qd2 38. Qc7+ Kh6 39. Qf4+ Qxf4 40.
gxf4 g5 41. fxg5+ Kxg5 42. b4 Kf4 43. Bg2 Kg5 44. b5 f5 45. b6 h5 46. b7 f4 47.
b8=Q Kf5 48. a4 1-0

[Event "Challenge"]
[Site "http://www.queenalice.com/game.php?id=737123"]
[Date "2010.2.24"]
[Round "-"]
[White "Muller"]
[Black "Panzer85"]
[Result "0-1"]
[WhiteElo "1451"]
[BlackElo "1702"]

1. e4 e5 2. Nf3 Nc6 3. Bc4 h6 4. O-O Nf6 5. Re1 d6 6. d4 Be7 7. Nc3 a6 8. b3 O-O
9. d5 Nd4 10. Nxd4 exd4 11. Qxd4 b5 12. Bd3 Bd7 13. Re3 Ng4 14. Rg3 Bh4 15. Bxh6
gxh6 16. Rf3 Bxf2+ 17. Rxf2 Qh4 18. h3 Nxf2 19. Qxf2 Qg5 20. Kh1 b4 21. Ne2 Rae8
22. h4 Qg6 23. Nf4 Qf6 24. Qg3+ Kh8 25. Nh5 Qxa1+ 26. Kh2 Rg8 27. Qf3 Ref8 28.
Nf6 Qd1 29. Nxd7 Qxf3 0-1

[Event "Play5"]
[Site "http://www.queenalice.com/game.php?id=738452"]
[Date "2010.2.27"]
[Round "-"]
[White "FranzMeM"]
[Black "Muller"]
[Result "0-1"]
[WhiteElo "1358"]
[BlackElo "1436"]

1. e4 c5 2. Nf3 d6 3. Bc4 Nf6 4. Ng5 e6 5. Nc3 d5 6. exd5 exd5 7. Bb5+ Bd7 8.
Qe2+ Qe7 9. Bxd7+ Nbxd7 10. O-O d4 11. Re1 h6 12. Nd5 Nxd5 13. Nxf7 Kxf7 14. d3
Qxe2 15. Rxe2 Bd6 16. g3 Rhe8 17. Re4 N7f6 18. Rxe8 Rxe8 19. Bd2 Re2 20. Be1
Rxc2 21. b3 Ne3 22. fxe3 dxe3 23. a3 Nd5 24. b4 b6 25. bxc5 Bxc5 26. g4 e2+ 27.
Kg2 Bd6 28. h4 Nf4+ 29. Kf3 Nxd3 30. Ke4 Nxe1 31. Rxe1 Bg3 32. Rg1 e1=Q+ 33.
Rxe1 Bxe1 34. h5 Kf6 35. a4 Rc4+ 36. Ke3 Rxg4 37. Ke2 Bg3 38. Kf3 a6 39. Kxg4
Bd6 40. Kf3 b5 41. axb5 axb5 42. Ke2 g6 43. hxg6 Kxg6 44. Kd3 h5 45. Kd4 h4 46.
Kd5 Ba3 47. Kd4 h3 48. Ke3 h2 49. Kf2 h1=Q 50. Ke2 Qd5 51. Ke3 b4 52. Kf4 b3 53.
Ke3 b2 0-1

[Event "Let's Play Chess!"]
[Site "http://www.queenalice.com/game.php?id=738577"]
[Date "2010.2.27"]
[Round "-"]
[White "Muller"]
[Black "Idefix"]
[Result "0-1"]
[WhiteElo "1490"]
[BlackElo "1823"]

1. e4 c5 2. Nf3 d6 3. d4 cxd4 4. Nxd4 Nf6 5. Bb5+ Bd7 6. O-O Nxe4 7. Nc3 Nxc3 8.
bxc3 g6 9. Re1 Bg7 10. Bg5 f6 11. Bf4 O-O 12. Rb1 Bxb5 13. Nxb5 a6 14. Nxd6 exd6
15. Bxd6 Re8 16. Qd5+ Kh8 17. Rxe8+ Qxe8 18. Qxb7 Nd7 19. g3 Qc8 20. Qd5 Ne5 21.
Rb7 Qc6 22. c4 Qxc4 23. Qa5 Rc8 24. Rb6 Nf3+ 25. Kh1 Qf1# 0-1

[Event "Let's Play Chess!"]
[Site "http://www.queenalice.com/game.php?id=739082"]
[Date "2010.2.28"]
[Round "-"]
[White "Muller"]
[Black "strontcan"]
[Result "0-1"]
[WhiteElo "1465"]
[BlackElo "1525"]

1. e4 c6 2. Nf3 d5 3. Nc3 dxe4 4. Nxe4 Bf5 5. d3 Bxe4 6. Be2 Bxf3 7. Bxf3 Nf6 8.
O-O e6 9. b3 Bd6 10. Bg5 O-O 11. Bh5 Nbd7 12. Re1 h6 13. Bf4 Bxf4 14. g3 Nxh5
15. Qxh5 Bxg3 16. hxg3 Qf6 0-1

[Event "Let's Play Chess!"]
[Site "http://www.queenalice.com/game.php?id=739144"]
[Date "2010.2.28"]
[Round "-"]
[White "Kensho"]
[Black "Muller"]
[Result "1-0"]
[WhiteElo "1560"]
[BlackElo "1504"]

1. e4 e5 2. Bb5 a6 3. Ba4 Nf6 4. Nf3 b5 5. Bb3 d5 6. c3 Bc5 7. d4 exd4 8. cxd4
Bb4+ 9. Nbd2 O-O 10. O-O dxe4 11. Ne5 Bf5 12. Qc2 Bd6 13. Nxf7 Rxf7 14. Bxf7+
Kxf7 15. Qb3+ Be6 16. Qc2 Bf4 17. g3 Bh3 18. Re1 Nh5 19. Qxe4 Bxg3 20. Qxa8 Qg5
21. fxg3 Nxg3 22. Ne4 Qg6 23. Ng5+ Kf6 24. Re6+ Kf5 25. Qf3# 1-0

[Event "Let's Play Chess!"]
[Site "http://www.queenalice.com/game.php?id=740165"]
[Date "2010.3.3"]
[Round "-"]
[White "Muller"]
[Black "jpfaro"]
[Result "0-1"]
[WhiteElo "1490"]
[BlackElo "1769"]

1. e4 e5 2. Nf3 Nc6 3. Bc4 Nf6 4. Nc3 Bc5 5. d3 d6 6. Be3 Bxe3 7. fxe3 Ng4 8.
Qe2 Nb4 9. a3 Nc6 10. O-O-O O-O 11. h3 Nf6 12. Ng5 Qe7 13. Rhf1 Be6 14. Nd5 Nxd5
15. exd5 Qxg5 16. dxe6 fxe6 17. Bxe6+ Kh8 18. Rf7 Nd4 19. Rxf8+ Rxf8 20. Qe1
Nxe6 21. Kb1 Qxg2 22. Qh4 Rf1 23. Rxf1 Qxf1+ 24. Ka2 Qf7 25. d4 Nxd4+ 26. Kb1
Qf1+ 27. Ka2 Qc4+ 28. b3 Qxc2+ 0-1

[Event "Let's Play Chess!"]
[Site "http://www.queenalice.com/game.php?id=741392"]
[Date "2010.3.5"]
[Round "-"]
[White "elche"]
[Black "Muller"]
[Result "0-1"]
[WhiteElo "1558"]
[BlackElo "1466"]

1. e4 c5 2. Nc3 d6 3. g3 Nf6 4. Bg2 Bg4 5. f3 Be6 6. Nge2 Bc4 7. d3 Ba6 8. O-O
d5 9. exd5 Nxd5 10. Nxd5 Qxd5 11. f4 Qd6 12. Be3 g6 13. Nc3 Nd7 14. Rb1 Bg7 15.
Ne4 Qe6 16. Kh1 O-O 17. Nxc5 Nxc5 18. Bxc5 Rfc8 19. Re1 Qd7 20. Bxe7 Re8 21. Bb4
Rac8 0-1

[Event "Let's Play Chess!"]
[Site "http://www.queenalice.com/game.php?id=741516"]
[Date "2010.3.5"]
[Round "-"]
[White "Muller"]
[Black "elche"]
[Result "1-0"]
[WhiteElo "1486"]
[BlackElo "1538"]

1. e4 c5 2. Nf3 Nc6 3. d4 cxd4 4. Nxd4 Nf6 5. Nc3 e6 6. Bc4 d6 7. O-O Be7 8. Re1
e5 9. Ndb5 a6 10. Bxf7+ Kxf7 11. Bg5 axb5 12. Nxb5 Na7 13. c4 Nxb5 14. cxb5 Rf8
15. a3 Kg8 16. Rc1 Be6 17. Bxf6 Bxf6 18. Rc3 Rc8 19. Ree3 Rxc3 20. Rxc3 Be7 21.
Rg3 Qb6 22. a4 1-0

[Event "Let's Play Chess!"]
[Site "http://www.queenalice.com/game.php?id=741517"]
[Date "2010.3.5"]
[Round "-"]
[White "elche"]
[Black "Muller"]
[Result "0-1"]
[WhiteElo "1579"]
[BlackElo "1445"]

1. e4 e5 2. Nf3 Nc6 3. Bc4 Nf6 4. O-O Bc5 5. c3 d5 6. exd5 Nxd5 7. Bxd5 Qxd5 8.
d4 Bxd4 9. cxd4 exd4 10. Nc3 Qe6 11. Re1 Ne5 12. Rxe5 Qxe5 13. Nxe5 O-O 14. Qxd4
Bf5 15. Qf4 g6 16. Ng4 Rad8 17. Nf6+ Kg7 18. Qh6+ Kxf6 19. Bg5+ Ke6 20. Re1+ Kd6
21. Bf4+ Kc5 0-1

[Event "Let's Play Chess!"]
[Site "http://www.queenalice.com/game.php?id=741951"]
[Date "2010.3.6"]
[Round "-"]
[White "egs19690901"]
[Black "Muller"]
[Result "1-0"]
[WhiteElo "1552"]
[BlackElo "1485"]

1. e4 d5 2. e5 Nc6 3. Nf3 Bg4 4. Be2 Qd7 5. d4 O-O-O 6. Ng5 Bxe2 7. Qxe2 Nxd4 8.
Qd3 Nf5 9. Nxf7 Re8 10. Nxh8 e6 11. Na3 Bb4+ 12. Bd2 Bxd2+ 13. Qxd2 Ngh6 14. Qa5
Rxh8 15. Qxa7 Qc6 16. Qa8+ Kd7 17. Qxh8 Nf7 18. Qxh7 Nxe5 19. O-O d4 20. Rad1
Nh4 21. Rxd4+ Ke7 22. Qxg7+ Nf7 23. Qg3 Nf5 24. Qf4 Nxd4 25. Qh4+ Kf8 26. Qxd4
e5 27. Qb4+ Ke8 28. c4 Ng5 29. Qb5 1-0